UBT Library

Marketing / (Record no. 847)

000 -LEADER
fixed length control field 00494nam a22001817a 4500
008 - FIXED-LENGTH DATA ELEMENTS--GENERAL INFORMATION
fixed length control field 150520b xxu||||| |||| 00| 0 eng d
020 ## - INTERNATIONAL STANDARD BOOK NUMBER
International Standard Book Number 0071151222 (international ed.)
041 0# - LANGUAGE CODE
Language code of text/sound track or separate title eng
080 ## - UNIVERSAL DECIMAL CLASSIFICATION NUMBER
Universal Decimal Classification number 658.8
245 00 - TITLE STATEMENT
Title Marketing /
Statement of responsibility, etc Roger A. Kerin ... [et al.].
250 ## -
-- Botimi shtatë
260 ## -
-- Boston, Mass. :
-- McGraw-Hill/Irwin,
-- c2003.
300 ## -
-- 741 f
-- me il
-- 29 cm.
505 ## -
-- Index:f. 714-741
650 #0 -
-- Marketing
700 1# -
-- Kerin, Roger A.
942 ## - ADDED ENTRY ELEMENTS (KOHA)
Source of classification or shelving scheme
Item type Books

No items available.

UBT Library © 2015-2024. All rights reserved University Education for Business and Technology